| 000 | 00482nam a22001217a 4500 | ||
|---|---|---|---|
| 008 | 170418b xxu||||| |||| 00| 0 eng d | ||
| 082 |
_22016 _aUT 0729 _bAm66 |
||
| 100 |
_919824 _aAmodia, Gracesila D. |
||
| 245 |
_aImpact Evaluation of MTAP- Saturday Class Program at Ramon Magsaysay Elementary School _cGracesila D. Amodia, Joana kris R. Cababat, Ella Lou O. Mangyao |
||
| 300 |
_a45 pages; _b30 cm. |
||
| 650 | 0 |
_919825 _aEducation _vMathematics _xUndergraduate Thesis. |
|
| 942 |
_2ddc _cUT |
||
| 999 |
_c6555 _d6555 |
||